|
|
|
|
| LEADER |
00000cam a2200000 7i4500 |
| 001 |
0000002985 |
| 005 |
20040330.0 |
| 090 |
0 |
0 |
|a RP 634.9
|b FRI 1966
|
| 110 |
1 |
0 |
|a FOREST Research Institute
|
| 245 |
1 |
0 |
|a Research programme 1963-1967 :
|b (including a summary of work accomplished in the years 1958-61 and a progress report for 1962)
|
| 260 |
0 |
0 |
|a Kuala Lumpur :
|b Forest Research Institute ,
|c 1966
|
| 300 |
|
|
|a x, 211 p. ;
|c 34 cm.
|
| 440 |
0 |
0 |
|a Research pamphlet ; no. 50
|
| 650 |
0 |
0 |
|a Forests and foresrty
|
| 710 |
1 |
1 |
|a Institut Penyelidikan Perhutanan Malaysia
|
| 998 |
|
|
|a JPSM
|
| 999 |
|
|
|a 0000005283
|b Monograph
|c Open Shelf
|e Default branch
|
| 999 |
|
|
|a 0000005284
|b Monograph
|c Open Shelf
|e Default branch
|